Клиническая анатомия и оперативная хирургия перикарда и коронарных сосудов (Запись № 9860472)

Подробности
000 -МАРКЕР
контрольное поле 01646nam0a2200289 4500
001 - ИДЕНТИФИКАТОР ЗАПИСИ
контрольное поле RU\NLR\BIBL_A\010729964
005 - ИДЕНТИФИКАТОР ВЕРСИИ
контрольное поле 20250614092119.0
035 ## - ДРУГИЕ СИСТЕМНЫЕ НОМЕРА
Идентификатор записи (NLR Aleph) 010729964
100 ## - ДАННЫЕ ОБЩЕЙ ОБРАБОТКИ
Данные общей обработки 20150415d1974 |||y0rusy50 ca
101 0# - ЯЗЫК РЕСУРСА
Язык текста, звукозаписи и т.д. русский
102 ## - СТРАНА ПУБЛИКАЦИИ ИЛИ ПРОИЗВОДСТВА
Страна публикации российская федерация
105 ## - ПОЛЕ КОДИРОВАННЫХ ДАННЫХ: ТЕКСТОВЫЕ МАТЕРИАЛЫ, МОНОГРАФИЧЕСКИЕ
Кодированные данные о монографическом текстовом документе a z 000yy
200 1# - ЗАГЛАВИЕ И СВЕДЕНИЯ ОБ ОТВЕТСТВЕННОСТИ
Основное заглавие Клиническая анатомия и оперативная хирургия перикарда и коронарных сосудов
Сведения, относящиеся к заглавию (пособие для врачей и студентов)
Первые сведения об ответственности Б.И. Хубутия
Последующие сведения об ответственности М-во здравоохранения РСФСР, Ряз. мед. ин-т им. акад. И.П. Павлова
210 ## - ПУБЛИКАЦИЯ, РАСПРОСТРАНЕНИЕ И ДР.
Место издания, распространения и т.д. Рязань
Имя издателя, распространителя и т. д. [б.и.]
Дата издания, распространения и т.д. 1974
215 ## - ФИЗИЧЕСКАЯ ХАРАКТЕРИСТИКА
Специфическое обозначение материала и объем 224, [2] с.
Размеры 22
320 ## - ПРИМЕЧАНИЯ О НАЛИЧИИ В ДОКУМЕНТЕ БИБЛИОГРАФИИ / УКАЗАТЕЛЯ
Текст примечания Библиогр.: с. 197-225
606 1# - НАИМЕНОВАНИЕ ТЕМЫ КАК ПРЕДМЕТ
Наименование темы Перикард
Формальный подзаголовок Руководства, пособия и т.п
Тематический подзаголовок Топографическая анатомия
Системный номер авторитетной/нормативной записи 1424052
Идентификатор авторитетной/нормативной записи RU\NLR\AUTH\66601238
606 1# - НАИМЕНОВАНИЕ ТЕМЫ КАК ПРЕДМЕТ
Наименование темы Перикард
Формальный подзаголовок Руководства, пособия и т.п
Тематический подзаголовок Хирургия
Системный номер авторитетной/нормативной записи 1859469
Идентификатор авторитетной/нормативной записи RU\NLR\AUTH\66843315
606 1# - НАИМЕНОВАНИЕ ТЕМЫ КАК ПРЕДМЕТ
Наименование темы Венечные артерии
Формальный подзаголовок Руководства, пособия и т.п
Тематический подзаголовок Топографическая анатомия
Системный номер авторитетной/нормативной записи 1265473
Идентификатор авторитетной/нормативной записи RU\NLR\AUTH\66202476
606 1# - НАИМЕНОВАНИЕ ТЕМЫ КАК ПРЕДМЕТ
Наименование темы Венечные артерии
Формальный подзаголовок Руководства, пособия и т.п
Тематический подзаголовок Хирургия
Системный номер авторитетной/нормативной записи 1265478
Идентификатор авторитетной/нормативной записи RU\NLR\AUTH\66202478
686 1# - ИНДЕКСЫ ДРУГИХ КЛАССИФИКАЦИЙ
Индекс Р457.345.01я7
700 #1 - ИМЯ ЛИЦА - ПЕРВИЧНАЯ ОТВЕТСТВЕННОСТЬ
Начальный элемент ввода Хубутия
Часть имени, кроме начального элемента ввода Б.И.
Даты 1928-2002
Расширение инициалов личного имени Бидзина Илларионович
Системный номер авторитетной/нормативной записи 143987
Идентификатор авторитетной/нормативной записи RU\NLR\AUTH\770144023
942 ## - ДОПОЛНИТЕЛЬНЫЕ ЭЛЕМЕНТЫ ЗАПИСИ (АБИС)
Тип экземпляра АБИС Книга
980 ## - КОЛЛЕКЦИЯ
Название коллекции Национальная библиография
Экземпляры
Тип экземпляра Дата поступления Источник поступления Стоимость Библиотека постоянного хранения Библиотека текущего хранения Место хранения Шифр хранения Штрих-код Статус не для выдачи
Книга 15.04.2015 Дар 450.00 РНБ (Московский) РНБ (Московский) Русский книжный фонд: издания с 1957 года, 9этаж 2015-5/3110 1-912970